Sổ tay kiến thức vật lí

Saved in:
Bibliographic Details
Main Author: Đặng, Thanh Hải
Format: Book
Language:Undetermined
Published: Hà Nội Giáo dục 2008
Subjects:
Tags: Add Tag
No Tags, Be the first to tag this record!
Institutions: Trung tâm Học liệu Trường Đại học Cần Thơ
LEADER 00645nam a2200205Ia 4500
001 CTU_183967
008 210402s9999 xx 000 0 und d
020 |c 17000 
082 |a 530.0712 
082 |b H103 
100 |a Đặng, Thanh Hải 
245 0 |a Sổ tay kiến thức vật lí 
245 0 |c Đặng Thanh Hải, Lê Hùng, Nguyễn Văn Thuận 
260 |a Hà Nội 
260 |b Giáo dục 
260 |c 2008 
650 |a Physics,Vật lý 
650 |x Study and teaching (Secondary),Dạy và học (trung học) 
904 |i Hải 
980 |a Trung tâm Học liệu Trường Đại học Cần Thơ